LEADER 02250oam 2200541I 450 001 9910154590303321 005 20240505161445.0 010 $a9781351950541$bebook 010 $z9780754675129 024 7 $a10.4324/9781315259932 035 $a(CKB)3710000000965269 035 $a(MiAaPQ)EBC4758189 035 $a(OCoLC)973031093 035 $a(Au-PeEL)EBL4758189 035 $a(CaPaEBR)ebr11310389 035 $a(CaONFJC)MIL975028 035 $a(OCoLC)965773951 035 $a(EXLCZ)993710000000965269 100 $a20180706e20162012 uy 0 101 0 $aeng 135 $aurcnu|||||||| 181 $2rdacontent 182 $2rdamedia 183 $2rdacarrier 200 00$aColonial architecture and urbanism in Africa $eintertwined and contested histories /$fedited by Fassil Demissie 205 $a1st ed. 210 1$aLondon :$cRoutledge,$d2016. 215 $a1 online resource (457 pages) $cillustrations, maps, photograhs 225 1 $aDesign and the built environment series 300 $aFirst published 2012 by Ashgate Publishing. 311 08$aprint version 9780754675129 311 08$a9781315259932 327 $apt. I. Archaeology of colonial architectural and urbanism -- pt. II. Colonial disciplinary institutions -- pt. III. Colonial modernities. 330 $aColonial architecture and urbanism in Africa created a built environment purposely suited to the administrative apparatus of empire: architecture and urbanism sought to project the authority of the European powers while simultaneously stabilizing the fragile European identity at the colonial frontier. This book seeks to uncover the multiple ways in which colonial architectural and urban design practices reconstituted colonial cities in Africa. 410 0$aDesign and the built environment series. 606 $aArchitecture, Colonial$zAfrica 606 $aArchitecture and state$zAfrica 615 0$aArchitecture, Colonial 615 0$aArchitecture and state 676 $a720.96 701 $aDemissie$b Fassil$0887354 801 0$bMiAaPQ 801 1$bMiAaPQ 801 2$bMiAaPQ 906 $aBOOK 912 $a9910154590303321 996 $aColonial architecture and urbanism in Africa$92141008 997 $aUNINA